[Event "ROM-ch U08"]
[Site "Calimanesti"]
[Date "2014.04.12"]
[Round "8"]
[White "Alexandrescu, Bogdan Gabriel"]
[Black "Moldoveanu, Alexandru Teodor"]
[Result "0-1"]
[WhiteElo "1001"]
[BlackElo "1001"]
[PlyCount "26"]
[EventDate "2014.04.06"]
[EventType "swiss"]
[EventRounds "9"]
[EventCountry "ROU"]
[SourceTitle "CBM 160 Extra"]
[Source "ChessBase"]
[SourceDate "2014.07.01"]
[SourceVersion "1"]
[SourceVersionDate "2014.07.01"]
[SourceQuality "1"]

1. e4 e5 2. Bc4 Nf6 3. Bb3 Nc6 4. Qe2 Bc5 5. Qc4 0-0 6. d4 Bxd4 7. c3 Bb6 8. h4 d6 9. Rh3 Be6 10. Qd3 Bxh3 11. gxh3 Qd7 12. Na3 Na5 13. Qg3 Nxe4 0-1

[Event "ROM-ch U08"]
[Site "Calimanesti"]
[Date "2014.04.09"]
[Round "4"]
[White "Bayer, Andrei"]
[Black "Moldoveanu, Alexandru Teodor"]
[Result "1/2-1/2"]
[WhiteElo "1035"]
[BlackElo "1001"]
[PlyCount "53"]
[EventDate "2014.04.06"]
[EventType "swiss"]
[EventRounds "9"]
[EventCountry "ROU"]
[SourceTitle "CBM 160 Extra"]
[Source "ChessBase"]
[SourceDate "2014.07.01"]
[SourceVersion "1"]
[SourceVersionDate "2014.07.01"]
[SourceQuality "1"]

1. e4 e5 2. Nf3 Nc6 3. Bc4 Bc5 4. c3 Nf6 5. d4 exd4 6. cxd4 Bb4+ 7. Nc3 d6 8. 0-0 0-0 9. a3 Bxc3 10. bxc3 Nxe4 11. Qd3 Re8 12. d5 Na5 13. Bb5 c6 14. dxc6 bxc6 15. Ba4 Nc5 16. Qd4 Re4 17. Qd1 Nxa4 18. Qc2 Re8 19. Qxa4 Ba6 20. Re1 Rxe1+ 21. Nxe1 Qe8 22. Be3 Qd8 23. Rb1 h6 24. h3 Bc4 25. Nf3 Ba2 26. Rb2 Bd5 27. Nd2 1/2-1/2

[Event "ROM-ch U08"]
[Site "Calimanesti"]
[Date "2014.04.07"]
[Round "2"]
[White "Filip, Andrei"]
[Black "Moldoveanu, Alexandru Teodor"]
[Result "1-0"]
[WhiteElo "1019"]
[BlackElo "1001"]
[PlyCount "45"]
[EventDate "2014.04.06"]
[EventType "swiss"]
[EventRounds "9"]
[EventCountry "ROU"]
[SourceTitle "CBM 160 Extra"]
[Source "ChessBase"]
[SourceDate "2014.07.01"]
[SourceVersion "1"]
[SourceVersionDate "2014.07.01"]
[SourceQuality "1"]

1. e4 e5 2. Nf3 Nc6 3. Bb5 Nf6 4. Bxc6 dxc6 5. Nxe5 Nxe4 6. Qe2 Nf6 7. Nxc6+ Qe7 8. Nxe7 Bxe7 9. 0-0 Bg4 10. f3 Bf5 11. Re1 Nd5 12. c4 0-0 13. cxd5 Bc5+ 14. Kh1 Rfe8 15. Qxe8+ Rxe8 16. Rxe8+ Bf8 17. Ra8 a6 18. Rb8 b5 19. d3 Bxd3 20. Rc8 Bxb1 21. Rxb1 b4 22. Be3 h6 23. Bc5 1-0